HOW MANY BASKONIA PLAYERS AND COACHES CAN YOU NAME? - Statistics

General Stats
  • This quiz has been taken 21 times
  • The average score is 102 of 130
Answer Stats
HINT 2024-2025 % Correct
๐Ÿ‡บ๐Ÿ‡ธ DARIUS THOMPSON
100%
๐Ÿ‡ฎ๐Ÿ‡น ACHILLE POLONARA
93%
๐Ÿ‡ณ๐Ÿ‡ฌ CHIMA MONEKE
93%
๐Ÿ‡ช๐Ÿ‡ธ DANI DIEZ
93%
๐Ÿ‡บ๐Ÿ‡ธ DONTA HALL
93%
๐Ÿ‡ฒ๐Ÿ‡ช C DUSKO IVANOVIC
93%
๐Ÿ‡ช๐Ÿ‡ธ ๐Ÿ‡ธ๐Ÿ‡ณ ILIMANE DIOP
93%
๐Ÿ‡ช๐Ÿ‡ธ C JOAN PEร‘ARROYA
93%
๐Ÿ‡บ๐Ÿ‡ธ ๐Ÿ‡ฌ๐Ÿ‡ช KAMAR BALDWIN
93%
๐Ÿ‡ช๐Ÿ‡ธ ๐Ÿ‡ธ๐Ÿ‡ณ KHALIFA DIOP
93%
๐Ÿ‡ฆ๐Ÿ‡ท LUCA VILDOZA
93%
๐Ÿ‡บ๐Ÿ‡ธ MARKUS HOWARD
93%
๐Ÿ‡บ๐Ÿ‡ธ MIKE JAMES
93%
๐Ÿ‡ช๐Ÿ‡ธ C PABLO LASO
93%
๐Ÿ‡ช๐Ÿ‡ธ C PEDRO MARTINEZ
93%
๐Ÿ‡ช๐Ÿ‡ช SANDER RAIESTE
93%
๐Ÿ‡บ๐Ÿ‡ธ ๐Ÿ‡น๐Ÿ‡ท SHANE LARKIN
93%
๐Ÿ‡ฑ๐Ÿ‡น TADAS SEDEKERSKIS
93%
๐Ÿ‡ฒ๐Ÿ‡ซ TIMOTHE LUWAWU-CABARROT
93%
๐Ÿ‡ฌ๐Ÿ‡ช TORNIKE SHENGELIA
93%
๐Ÿ‡บ๐Ÿ‡ธ TRENT FORREST
93%
๐Ÿ‡ญ๐Ÿ‡ท C VELIMIR PERASOVIC
93%
๐Ÿ‡บ๐Ÿ‡ธ WADE BALDWIN IV
93%
๐Ÿ‡ญ๐Ÿ‡บ ADAM HANGA
87%
๐Ÿ‡ฌ๐Ÿ‡ท IOANNIS BOUROUSIS
87%
๐Ÿ‡บ๐Ÿ‡พ JAYSON GRANGER
87%
๐Ÿ‡ฉ๐Ÿ‡ช JOHANNES VOIGTMANN
87%
๐Ÿ‡จ๐Ÿ‡ต KIM TILLIE
87%
๐Ÿ‡บ๐Ÿ‡ธ ๐Ÿ‡จ๐Ÿ‡ฎ MATT COSTELLO
87%
๐Ÿ‡ณ๐Ÿ‡ฌ MICHAEL ERIC
87%
๐Ÿ‡ฌ๐Ÿ‡ท NIKOLAOS ROGKAVOPOULOS
87%
๐Ÿ‡ฆ๐Ÿ‡ท PATRICIO GARINO
87%
๐Ÿ‡ท๐Ÿ‡ธ VANJA MARINKOVIC
87%
๐Ÿ‡บ๐Ÿ‡ธ ๐Ÿ‡ง๐Ÿ‡ฆ ALEC PETERS
80%
๐Ÿ‡บ๐Ÿ‡ธ ๐Ÿ‡ง๐Ÿ‡ฌ CODI MILLER-MCINTYRE
80%
๐Ÿ‡ง๐Ÿ‡ท MARCELINHO HUERTAS
80%
๐Ÿ‡บ๐Ÿ‡ธ ๐Ÿ‡ฎ๐Ÿ‡ฑ MAX HEIDDEGER
80%
๐Ÿ‡ฑ๐Ÿ‡น ROKAS GIEDRAITIS
80%
๐Ÿ‡ฉ๐Ÿ‡ฐ SHAVON SHIELDS
80%
๐Ÿ‡ฎ๐Ÿ‡น SIMONE FONTECCHIO
80%
๐Ÿ‡ช๐Ÿ‡ธ C SITO ALONSO
80%
๐Ÿ‡บ๐Ÿ‡ธ ๐Ÿ‡ฆ๐Ÿ‡ฒ STEVEN ENOCH
80%
๐Ÿ‡ช๐Ÿ‡ฆ ALBERTO CORBACHO
73%
๐Ÿ‡บ๐Ÿ‡ธ ๐Ÿ‡ง๐Ÿ‡ฌ DARIUS ADAMS
73%
๐Ÿ‡ธ๐Ÿ‡ฎ JAKA BLAZIC
73%
๐Ÿ‡ช๐Ÿ‡ช MAIK KOTSAR
73%
๐Ÿ‡ท๐Ÿ‡ธ OGNJEN JARAMAZ
73%
๐Ÿ‡บ๐Ÿ‡ธ PIERRIA HENRY
73%
๐Ÿ‡ณ๐Ÿ‡ฌ TONYE JEKIRI
73%
๐Ÿ‡จ๐Ÿ‡ต VINCENT POIRIER
73%
๐Ÿ‡ธ๐Ÿ‡ณ ๐Ÿ‡จ๐Ÿ‡ต YOUSSOUPHA FALL
73%
๐Ÿ‡ธ๐Ÿ‡ฎ ZORAN DRAGIC
73%
๐Ÿ‡ฑ๐Ÿ‡ป ARTURS KURUCS
67%
๐Ÿ‡บ๐Ÿ‡ธ JORDAN MCRAE
67%
๐Ÿ‡ญ๐Ÿ‡ท C NEVEN SPAHIJA
67%
๐Ÿ‡จ๐Ÿ‡ต RODRIGUE BEAUBOIS
67%
๐Ÿ‡บ๐Ÿ‡ธ DAULTON HOMMES
60%
๐Ÿ‡จ๐Ÿ‡ต FABIEN CAUSEUR
60%
๐Ÿ‡ฆ๐Ÿ‡ท NICOLAS LAPROVITTOLA
53%
๐Ÿ‡ฑ๐Ÿ‡ป RINALDS MALMANIS
53%
๐Ÿ‡ฑ๐Ÿ‡น TADAS SEDEKERSKIS
53%
๐Ÿ‡ฑ๐Ÿ‡ป DAVIS BERTANS
47%
๐Ÿ‡ฑ๐Ÿ‡ป JANIS TIMMA
47%
๐Ÿ‡บ๐Ÿ‡พ JAYSON GRANGER
47%
๐Ÿ‡ง๐Ÿ‡ท ๐Ÿ‡ช๐Ÿ‡ธ RAFA LUZ
47%
๐Ÿ‡บ๐Ÿ‡ธ RICKY LEDO
47%
๐Ÿ‡บ๐Ÿ‡ธ MATT JANNING
40%
๐Ÿ‡จ๐Ÿ‡ต RODRIGUE BEAUBOIS
33%
๐Ÿ‡ญ๐Ÿ‡ท DARKO PLANINIC
27%
๐Ÿ‡บ๐Ÿ‡ธ DARRUN HILLIARD
27%
๐Ÿ‡บ๐Ÿ‡ธ CHASE BUDINGER
7%
๐Ÿ‡บ๐Ÿ‡ธ ๐Ÿ‡น๐Ÿ‡ณ MICHAEL ROLL
7%
๐Ÿ‡จ๐Ÿ‡ต ๐Ÿ‡ญ๐Ÿ‡น FRANZ MASSENAT
0%
No matching quizzes found
Score Distribution
Percent of People with Each Score
Percentile by Number Answered
Your Score History
You have not taken this quiz